Handbook of clinical nursing research / (Record no. 5728)

MARC details
000 -LEADER
fixed length control field 01459cam a22003374a 4500
001 - CONTROL NUMBER
control field 1684084
003 - CONTROL NUMBER IDENTIFIER
control field OSt
005 - DATE AND TIME OF LATEST TRANSACTION
control field 20170322190625.0
008 - FIXED-LENGTH DATA ELEMENTS--GENERAL INFORMATION
fixed length control field 990114s1999 cau b 001 0 eng
010 ## - LIBRARY OF CONGRESS CONTROL NUMBER
LC control number 99006034
020 ## - INTERNATIONAL STANDARD BOOK NUMBER
International Standard Book Number 080395784X (acid-free paper)
040 ## - CATALOGING SOURCE
Original cataloging agency DLC
Transcribing agency DLC
Modifying agency DLC
042 ## - AUTHENTICATION CODE
Authentication code pcc
050 10 - LIBRARY OF CONGRESS CALL NUMBER
Classification number RT81.5
Item number .H25 1999
082 ## - DEWEY DECIMAL CLASSIFICATION NUMBER
Classification number WY 205
Item number H19 1999
245 00 - TITLE STATEMENT
Title Handbook of clinical nursing research /
Statement of responsibility, etc. edited by Ada Sue Hinshaw, Suzanne Feetham, Joan Shaver.
260 ## - PUBLICATION, DISTRIBUTION, ETC. (IMPRINT)
Place of publication, distribution, etc. Thousand Oaks, Calif. :
Name of publisher, distributor, etc. Sage Publications,
Date of publication, distribution, etc. 1999.
300 ## - PHYSICAL DESCRIPTION
Extent xvi, 696 p. ;
Dimensions 29 cm.
504 ## - BIBLIOGRAPHY, ETC. NOTE
Bibliography, etc Includes bibliographical references and index.
650 #0 - SUBJECT ADDED ENTRY--TOPICAL TERM
Topical term or geographic name as entry element Nursing
General subdivision Research
Form subdivision Handbooks, manuals, etc.
9 (RLIN) 11922
700 1# - ADDED ENTRY--PERSONAL NAME
Personal name Hinshaw, Ada Sue.
9 (RLIN) 11923
700 1# - ADDED ENTRY--PERSONAL NAME
Personal name Feetham, Suzanne.
9 (RLIN) 11924
700 1# - ADDED ENTRY--PERSONAL NAME
Personal name Shaver, Joan Louise Fowler,
Dates associated with a name 1943-
9 (RLIN) 11925
856 42 - ELECTRONIC LOCATION AND ACCESS
Materials specified Publisher description
Uniform Resource Identifier http://www.loc.gov/catdir/enhancements/fy0656/99006034-d.html
856 41 - ELECTRONIC LOCATION AND ACCESS
Materials specified Table of contents only
Uniform Resource Identifier http://www.loc.gov/catdir/enhancements/fy0656/99006034-t.html
856 42 - ELECTRONIC LOCATION AND ACCESS
Materials specified Contributor biographical information
Uniform Resource Identifier http://www.loc.gov/catdir/enhancements/fy0734/99006034-b.html
906 ## - LOCAL DATA ELEMENT F, LDF (RLIN)
a 7
b cbc
c orignew
d 1
e ocip
f 19
g y-gencatlg
942 ## - ADDED ENTRY ELEMENTS (KOHA)
Source of classification or shelving scheme Other/Generic Classification Scheme
Koha item type Open Shelf
Holdings
Withdrawn status Lost status Source of classification or shelving scheme Damaged status Not for loan Home library Current library Date acquired Source of acquisition Inventory number Total Checkouts Full call number Barcode Date last seen Price effective from Koha item type
    Other/Generic Classification Scheme     MUST Main Library MUST Main Library 22/03/2017   2001/15208   WY 205 H19 1999 2017-0505 22/03/2017 22/03/2017 Open Shelf